header

Drug effects (Record no. 245714)

MARC details
000 -LEADER
fixed length control field 03052nam a2200385 a 4500
082 04 - DEWEY DECIMAL CLASSIFICATION NUMBER
Classification number 583/.85
100 1# - MAIN ENTRY--AUTHOR NAME
Personal name Gezon, Lisa L.
245 10 - TITLE STATEMENT
Title Drug effects
260 ## - PUBLICATION, DISTRIBUTION, ETC. (IMPRINT)
Place of publication Walnut Creek, Calif. :
Name of publisher Left Coast Press,
Year of publication 2012.
300 ## - PHYSICAL DESCRIPTION
Number of Pages 263 p. :
Other physical details ill.
490 1# - SERIES STATEMENT
Series statement Advances in critical medical anthropology ;
505 8# - FORMATTED CONTENTS NOTE
Formatted contents note Machine generated contents note: 1: Introduction Part I: Consumption, Identity, and Health 2: Patterns of Consumption 3: Leaf of Paradise or Scourge?: Drug Effects, Health and Legalization Part II: Indirect Effects: Production and Trade 4: Growing and Selling Khat 5: Implications for Food Security and Conservation 6: Intimate Livelihoods: Gender and Survival on the Margins Part III: The Silence of Green Gold: Drug Effects in Economies on the Margins 7: Khat on the Global Margins: Wars on Drugs, State Silence, and Alternative Development Drugs on the Global Margins 8: Tying It Together References Index About the Author.
520 ## - SUMMARY, ETC.
Summary, etc "Khat, marijuana, peyote--are these dangerous drugs or vilified plants with rich cultural and medical values? In this book, Lisa Gezon brings the drug debate into the 21st century, proposing criteria for evaluating psychotropic substances. Focusing on khat, whose bushy leaves are an increasingly popular stimulant and the target of vehement anti-drug campaigns, she explores biocultural and socioeconomic contexts on local, national, and global levels. Gezon provides a multidisciplinary examination of the plant's direct physical and psychological effects, as well as indirect social and structural effects on income and labor productivity, identity, gendered relationships, global drug discourses, and food security. This sophisticated, multileveled analysis cuts through the traditional battle lines of the drug debate and is a model for understanding and evaluating psychotropic substances around the world"--
650 #0 - SUBJECT ADDED ENTRY--TOPICAL TERM
Topical Term Khat
Topical Term Khat
Topical Term Khat
856 40 - ELECTRONIC LOCATION AND ACCESS
Uniform Resource Identifier http://site.ebrary.com/lib/rucke/Doc?id=10538012
520 ## - SUMMARY, ETC.
-- Provided by publisher.

No items available.

© 2026 Rongo University
Contact us: librarian | system librarian | Rongo university